000 00552nam a2200193Ia 4500
005 20250326142100.0
008 250326s9999 xx 000 0 und d
020 _a0-03-001898-6
037 _aTextbook
040 _aFMSL
_beng
_cFMSL
041 _aeng
_2eng
084 _aX3 M7
_qFMSL
100 _aBowman J P
_9745439
245 0 _aBusiness communication from process to product
_cBowman J P; Branchaw B P
260 _aNew Delhi
_bNew Delhi, Dryden press
_c1987
300 _a680p
942 _cTB
_hX3 M7
999 _c1293350
_d1293350